000 00539nam a2200217 a 4500
999 _c8041
_d8041
001 8041
003 BD-JhCC
005 20180217184457.0
008 180217s1968 bg |||| |||| 000 0 eng d
035 _a(BD-JhCC)8041
040 _aBD-JhCC
_dBD-JhCC
041 _aeng
082 _a320.473
_bRAH 1968
100 _aRahman, S.
245 _aModern Social Studies (Civics) :
_bFor Class VIII /
_cS. Rahman
260 _aDhaka :
_bBishwakosh,
_c1968.
300 _a76 p. :
_c18 cm.
650 _aCivics
942 _2ddc
_cBK